| Tag |
First Indicator |
Second Indicator |
Subfields |
| LEADER |
00000cam a2200000 4500 |
| 001 |
in00000048560 |
| 005 |
20151007073526.0 |
| 008 |
800610r19261925fr ab 00000 fre d |
| 010 |
|
|
|a gs 27000210
|
| 035 |
|
|
|a (OCoLC)06402841
|
| 035 |
|
|
|9 AAE9879AM
|
| 040 |
|
|
|a TXA
|c TXA
|d UtOrBLW
|
| 049 |
|
|
|a TXAM
|c [303025]
|
| 050 |
|
4 |
|a QE565
|b .D27
|
| 092 |
|
|
|a 551.42
|b D265c, 1926
|
| 100 |
1 |
|
|a Davis, William Morris,
|d 1850-1934.
|
| 245 |
1 |
4 |
|a Les cotes et les recifs coralliens de la Nouvelle-Caledonie.
|
| 264 |
|
1 |
|a Paris :
|b A. Colin,
|c 1926.
|
| 300 |
|
|
|a 120 pages :
|b illustrations, maps.
|
| 336 |
|
|
|a text
|b txt
|2 rdacontent
|
| 337 |
|
|
|a unmediated
|b n
|2 rdamedia
|
| 338 |
|
|
|a volume
|b nc
|2 rdacarrier
|
| 500 |
|
|
|a "Extrait des Annales de geographie ... 1925."
|
| 650 |
|
0 |
|a Coral reefs and islands.
|
| 650 |
|
0 |
|a Physical geography
|z New Caledonia.
|
| 999 |
|
|
|a MARS
|
| 999 |
f |
f |
|s 34f31dd3-bd81-3d36-89a3-f363319723bc
|i 39611a90-9bec-3d89-81d4-121828a94224
|t 0
|
| 952 |
f |
f |
|p ric
|a Texas A&M University
|b Rellis Campus
|c Joint Library Facility
|d Remote Storage
|t 0
|e QE565 .D27
|h Library of Congress classification
|i unmediated -- volume
|m A14800951999
|
| 998 |
f |
f |
|a QE565 .D27
|t 0
|l Remote Storage
|